역대 동계 올림픽 메달 순위 - Statistics

General Stats
  • This quiz has been taken 8 times
  • The average score is 17 of 19
Answer Stats
G S B 나라 % Correct
166 146 135 노르웨이
100%
132 128 91 독일 / 서독
100%
126 133 104 미국
100%
82 79 85 캐나다
100%
52 49 70 이탈리아
100%
50 50 61 프랑스
100%
27 36 29 중국
100%
22 36 42 일본
100%
15 6 18 영국
100%
45 39 34 러시아
100%
73 57 65 스웨덴
86%
45 66 70 핀란드
86%
36 34 19 대한민국
86%
87 63 67 소련 / 연합팀
71%
69 56 66 스위스
71%
63 56 48 네덜란드
71%
12 13 14 체코
71%
76 97 96 오스트리아
57%
39 36 35 동독
57%
No matching quizzes found
Score Distribution
Percent of People with Each Score
Percentile by Number Answered
Your Score History
You have not taken this quiz